• 首页
  • 本馆介绍
  • 公告通知
  • 最新文献
  • 馆藏检索
  • 电子资源
  • 读者导购
  • 参考咨询
  • 我的图书馆
  • 登录
  • 详细信息显示
  • 放入我的书架
  • 预约/预借图书
  • 作者相关作品
  • 分类相关作品
  • 丛书相关作品
  • 出版社相关作品

书目信息

  • 表格格式
  • 工作单格式
  • 卡片格式
题名:
现代生物催化
    
 
作者: 梅斯纳 , 安东森 主编 ;徐岩 主译
分册:  
出版信息: 北京   中国轻工业出版社  2016
页数: 331页
开本: 24cm
丛书名:
单 册:
中图分类: Q814
科图分类:
主题词: 生物--催化--研究
电子资源:
ISBN: 978-7-5184-0249-6
000 01114nam0 2200253 450
001 2942
005 20161207091343.64
010    @a978-7-5184-0249-6@dCNY80.00
100    @a20160701d2016 em y0chiy50 ea
101 1  @achi@ceng
102    @aCN@b110000
105    @aa z 000yy
200 1  @a现代生物催化@9xian dai sheng wu cui hua@e高立体选择及环境友好的反应@f(美)沃尔夫-迪特尔·梅斯纳,(美)托雷福·安东森主编@g徐岩主译
210    @a北京@c中国轻工业出版社@d2016
215    @a331页@c图@d24cm
330    @a本书总结了近几年欧盟研究者在以酶促催化高立体选择性反应为主题的应用生物催化研究领域中取得的最新成果和进展。内容涵盖新酶筛选、酶选择性构型调控、酶的蛋白质工程设计、反应方式与途径设计、溶剂工程及反应器等从生物催化剂到反应过程调控的一系列主题。
517 1  @a高立体选择及环境友好的反应@9gao li ti xuan ze ji huan jing you hao de fan ying
606 0  @a生物@x催化@x研究
690    @aQ814@v5
701  0 @a梅斯纳@9mei si na@c(美)@4主编
701  0 @a安东森@9an dong sen@c(挪)@4主编
702  0 @a徐岩@9xu yan@f(1962~)@4主译
801  0 @aCN@b大连网信软件有限公司图书馆·11@c20161207
905    @aZUCC@dQ814@e186
    
    现代生物催化:高立体选择及环境友好的反应/(美)沃尔夫-迪特尔·梅斯纳,(美)托雷福·安东森主编/徐岩主译.-北京:中国轻工业出版社,2016
    331页:图;24cm
    
    
    ISBN 978-7-5184-0249-6:CNY80.00
    本书总结了近几年欧盟研究者在以酶促催化高立体选择性反应为主题的应用生物催化研究领域中取得的最新成果和进展。内容涵盖新酶筛选、酶选择性构型调控、酶的蛋白质工程设计、反应方式与途径设计、溶剂工程及反应器等从生物催化剂到反应过程调控的一系列主题。
●
相关链接 在E读中查询图书 在五车中查询图书 在当当中查询图书 在豆瓣中查询图书


正题名:现代生物催化     索取号:Q814/186         预约/预借

序号 登录号 条形码 馆藏地/架位号 状态 备注
1 912654   209126541   第二样本阅览室/ [索取号:Q814/186] 在馆    
2 912655   209126550   第三借阅区/ [索取号:Q814/186] 在馆    
3 912656   209126569   第三借阅区/ [索取号:Q814/186] 在馆    
4 912657   209126578   密集书库-生命科学系/ [索取号:Q814/186] 在馆    
唐山师范学院图书馆 欢迎您!
大连网信软件有限公司© 版权所有